000 01082cam a2200325 i 4500
001 3639377
003 ARRUPE
005 20240215140707.0
008 750716s1973 enk b 001 0 eng
010 _a 75318700
015 _aGB73-15151
020 _a0435826905
040 _aDLC
_cDLC
_dDLC
043 _af-sa---
050 0 0 _aKTL1572
_b.S232 1973
082 0 0 _a342/.68/087
100 1 _aSachs, Albie,
_d1935-
245 1 0 _aJustice in South Africa /
_cby Albie Sachs.
260 _aLondon :
_bChatto : Heinemann for Sussex University Press,
_c1973.
300 _a288 p. ;
_c23 cm.
490 1 _aColumbus Centre series : studies in the dynamics of persecution and extermination
500 _aIncludes index.
504 _aBibliography: p. 264-282.
650 0 _aJustice, Administration of
_zSouth Africa.
_952431
650 0 _aRace discrimination
_xLaw and legislation
_zSouth Africa.
_942931
810 2 _aColumbus Centre.
_tColumbus Centre Series.
_952432
906 _a7
_bcbc
_corignew
_d3
_encip
_f19
_gy-gencatlg
942 _2lcc
_cMONOGRAPH
999 _c131797
_d131797